Chansons de Barbara - Statistiques

Statistiques générales
  • Ce quiz a été pris 27 fois
  • Le résultat moyen est 24 sur 152
Statistiques - réponses
Album Titre % Correct
L’Aigle noir 6 L’Aigle noir
100%
Dis quand reviendras-tu ? 1 Dis quand reviendras-tu ?
92%
Ma plus belle histoire d’amour 5 Ma plus belle histoire d’amour
88%
Ma plus belle histoire d’amour 8 Madame
79%
Dis quand reviendras-tu ? 12 Nantes
79%
Barbara chante Barbara 7 Nantes
79%
Barbara singt Barbara 5 Nantes
79%
Le Soleil noir 1 Le Soleil noir
75%
Le Mal de vivre 6 Göttingen
71%
Barbara singt Barbara 1 Göttingen
71%
Le Mal de vivre 1 Le Mal de vivre
63%
Barbara chante Jacques Brel 4 Seul
63%
Barbara chante Jacques Brel 6 Ne me quitte pas
54%
La Fleur d'amour 6 Vienne
54%
Le Soleil noir 8 Mon enfance
50%
Le Mal de vivre 8 Une petite cantate
50%
Ma plus belle histoire d’amour 3 La Dame brune
46%
La Louve 7 La Louve
46%
Seule 1 Seule
46%
Le Mal de vivre 9 La Solitude
42%
La Fleur d'amour 5 La Solitude
42%
Barbara chante Barbara 1 À mourir pour mourir
38%
Amours incestueuses 1 Amours incestueuses
38%
Le Soleil noir 9 Du bout des lèvres
38%
L’Aigle noir 7 Drouot
33%
Ma plus belle histoire d’amour 1 Parce que (je t’aime)
33%
Barbara chante Barbara 6 Gare de Lyon
29%
Le Soleil noir 7 Mes hommes
29%
Barbara chante Barbara 2 Pierre
29%
Barbara singt Barbara 6 Pierre
29%
Le Mal de vivre 3 Septembre (quel joli temps)
29%
Le Soleil noir 11 Joyeux Noël
25%
La Louve 6 Marienbad
25%
Le Mal de vivre 2 Si la photo est bonne
25%
Barbara chante Barbara 4 Au bois de Saint-Amand
21%
Dis quand reviendras-tu ? 6 Chapeau bas
21%
Barbara chante Barbara 8 Chapeau bas
21%
Barbara chante Brassens 7 Il n’y a pas d’amour heureux
21%
Le Soleil noir 10 L’Amoureuse
21%
Seule 12 Les Insomnies
21%
Le Mal de vivre 11 Toi
21%
Dis quand reviendras-tu ? 5 Ce matin-là
17%
Barbara chante Jacques Brel 2 Je ne sais pas
17%
Amours incestueuses 6 Perlimpinpin
17%
Barbara chante Barbara 11 Sans bagages
17%
Ma plus belle histoire d’amour 2 Y’aura du monde
17%
Ma plus belle histoire d’amour 7 À chaque fois
13%
Madame 7 Amoureuse
13%
L’Aigle noir 5 Amoureuse
13%
L’Aigle noir 1 À peine
13%
Dis quand reviendras-tu ? 9 Attendez que ma joie revienne
13%
Le Soleil noir 3 Gueule de nuit
13%
La Fleur d'amour 7 L’Absinthe
13%
Barbara chante Barbara 3 Le Bel Âge
13%
Barbara chante Jacques Brel 1 Les Flamandes
13%
Le Mal de vivre 10 Les Mignons
13%
Le Soleil noir 4 Le Sommeil
13%
Ma plus belle histoire d’amour 9 Les Rapaces
13%
La Fleur d'amour 4 Les Rapaces
13%
Barbara chante Barbara 9 Paris, 15 août
13%
Amours incestueuses 4 Rémusat
13%
Barbara chante Barbara 10 Bref
8%
Barbara 8 Femme piano
8%
Barbara chante Jacques Brel 7 Il nous faut regarder
8%
Barbara chante Barbara 5 Je ne sais pas dire…
8%
Dis quand reviendras-tu ? 2 J’entends sonner les clairons
8%
La Fleur d'amour 1 La Fleur, la Source et l’Amour
8%
Amours incestueuses 8 La Ligne droite
8%
Barbara chante Brassens 1 La Marche nuptiale
8%
Seule 4 La Mort
8%
La Fleur d'amour 3 La Saisonneraie
8%
Le Soleil noir 6 Le Testament
8%
Seule 9 Mr Victor
8%
Le Soleil noir 5 Tu sais
8%
Amours incestueuses 7 Accident
4%
L’Aigle noir 9 Au revoir
4%
La Fleur d'amour 8 C’est trop tard
4%
Seule 10 Cet enfant-là
4%
Amours incestueuses 9 Clair de nuit
4%
Dis quand reviendras-tu ? 11 De Shanghai à Bangkok
4%
La Fleur d'amour 9 Églantine
4%
Barbara 1 Il me revient
4%
Le Mal de vivre 4 J'ai troqué
4%
La Louve 10 Je t'aime
4%
La Louve 3 Là-bas
4%
Barbara chante Brassens 8 La Femme d’Hector
4%
La Louve 2 Le Minotaure
4%
Dis quand reviendras-tu ? 7 Le Temps du lilas
4%
La Fleur d'amour 2 L'Indien
4%
La Louve 9 Ma maison
4%
Ma plus belle histoire d’amour 6 Marie Chenevance
4%
Seule 7 Mille chevaux d’écume
4%
Barbara chante Barbara 12 Ni belle, ni bonne
4%
Barbara chante Brassens 3 Pauvre Martin
4%
Barbara chante Brassens 6 Pénélope
4%
Le Soleil noir 2 Plus rien
4%
Amours incestueuses 3 Printemps
4%
L’Aigle noir 2 Quand ceux qui vont
4%
Barbara chante Jacques Brel 5 Sur la place
4%
Le Mal de vivre 5 Tous les passants
4%
Dis quand reviendras-tu ? 3 Tu ne te souviendras pas
4%
Barbara 5 Vivant poème
4%
Dis quand reviendras-tu ? 10 Vous entendrez parler de lui
4%
Barbara 2 À force de
0%
Ma plus belle histoire d’amour 4 Au cœur de la nuit
0%
Amours incestueuses 5 Colère
0%
Madame 1 De jolies putes
0%
Barbara singt Barbara 8 Die Einsamkeit
0%
Barbara singt Barbara 3 Eine winzige Kantate
0%
Barbara 7 Fatigue
0%
Barbara 6 Faxe-moi
0%
Seule 6 Fragson
0%
L’Aigle noir 3 Hop-là
0%
Barbara singt Barbara 10 „Ich liebe dich“, kann ich nicht sagen
0%
Seule 8 Il automne
0%
Madame 4 Ils étaient cinq
0%
Madame 5 Je serai douce
0%
L’Aigle noir 4 Je serai douce
0%
Barbara 9 John Parker Lee
0%
L’Aigle noir 8 La Colère
0%
Seule 5 La Déraison
0%
Barbara chante Brassens 4 La Légende de la nonne
0%
Seule 11 L’Amour magicien
0%
Madame 8 La nuit tu dors
0%
Amours incestueuses 2 Le Bourreau
0%
Barbara 3 Le Couloir
0%
Barbara chante Jacques Brel 8 Le Fou du roi
0%
Barbara 4 Le jour se lève encore
0%
La Louve 1 L’Enfant laboureur
0%
Madame 6 Le Passant
0%
Barbara chante Brassens 2 Le Père Noël et la Petite Fille
0%
Madame 2 Le quatre novembre
0%
Barbara 12 Les Enfants de novembre
0%
La Louve 4 Les Hautes Mers
0%
Dis quand reviendras-tu ? 4 Le Verger en Lorraine
0%
L’Aigle noir 10 Le Zinzin
0%
Dis quand reviendras-tu ? 8 Liberté
0%
Barbara chante Jacques Brel 9 Litanies pour un retour
0%
Barbara 11 Lucy
0%
Seule 2 Ma Musique
0%
Barbara singt Barbara 9 Mein Kompliment
0%
La Louve 8 Monsieur Capone
0%
La Louve 5 Musique pour une absente (le 6 novembre)
0%
Barbara chante Brassens 5 Oncle Archibald
0%
Barbara singt Barbara 2 Paris im August
0%
Seule 3 Précy jardin
0%
Madame 3 Regardez le regard des hommes
0%
Barbara 10 Sables mouvants
0%
Barbara singt Barbara 4 Sag, wann bist du bei mir?
0%
Le Mal de vivre 7 Toi l’homme
0%
Barbara chante Jacques Brel 3 Voici
0%
Barbara singt Barbara 7 Wenn schon sterben, dann schon sterben
0%
Aucun quiz correspondant
Distribution des résultats
% des personnes avec chaque résultat
Percentile par nombre de réponses
Votre historique - résultats
Vous n’avez pas pris ce quiz